Programa centroamericano y del Caribe de formación en desarrollo agropecuario y reforma agraria

Uloženo v:
Podrobná bibliografie
Korporativní autor: Centro de Investigaciones y Estudios para la Reforma Agraria
Médium: Text
Vydáno: Managua: Centro de Investigaciones y Estudios para la Reforma Agraria
Tagy: Přidat tag
Žádné tagy, Buďte první, kdo vytvoří štítek k tomuto záznamu!

MARC

LEADER 00000 a a2200000 04500
001 21462
003
040
090 |a 094700  
110 |a Centro de Investigaciones y Estudios para la Reforma Agraria  
245 |a Programa centroamericano y del Caribe de formación en desarrollo agropecuario y reforma agraria  
260 |a Managua:   |b Centro de Investigaciones y Estudios para la Reforma Agraria  
300 |a 15 p  
999 |c 14433  |d 14433